000 00914nam a22003017a 4500
003 CHAP
005 20220817040955.0
008 971013s r 00010 d
010 _a3768
011 _a4740
035 _a3944
040 _cCHAP
090 _aFolleto 13098
110 _aUACH. Dirección Académica
_9115913
245 _aMaestría en ciencias y técnicas de la educación
260 _aChapingo, Méx. :
_bLa Universidad,
_c19-?
300 _a10 h.
500 _aD51-94
590 _aBATCH-UPD
_b10
_c20130110
_lUCH01
_h1611
590 _aBATCH-UPD
_b10
_c20130410
_lUCH01
_h1007
590 _aBATCH-UPD
_b10
_c20130914
_lUCH01
_h1239
590 _aCONVERSION
_b10
_c20130109
_lUCH01
_h1303
650 1 4 _aEducación agrícola
_xFormación de profesores.
_935519
650 1 4 _aEducación superior.
901 _aBK
942 _cFOLL
949 _aFolleto 13098
_bBC
_cUACH
_d-13474
_eUACH
_i3944
_mD
_si
999 _c3768
_d3768